Účtovná závierka a jej overovanie audítorom v organizáciách nepodnikateľskej sféry v Slovenskej republike

Uložené v:
Podrobná bibliografia
Hlavný autor: Kordošová, Alena, 1970-
Ďalší autori: Kovalčíková, Antónia
Médium: Kapitola
Jazyk:Slovak
Tagy: Pridať tag
Žiadne tagy, Buďte prvý, kto otaguje tento záznam!

MARC

LEADER 00000naa$a2200000$$$4500
001 0097257
005 20240502072057.7
041 0 |a slo 
044 |a SK 
245 1 0 |a Účtovná závierka a jej overovanie audítorom v organizáciách nepodnikateľskej sféry v Slovenskej republike  |c Alena Kordošová, Antónia Kovalčíková 
100 1 |a Kordošová, Alena, 1970- 
700 1 |a Kovalčíková, Antónia